| 000 | 00732nam a2200241Ia 4500 | ||
|---|---|---|---|
| 001 | 9412 | ||
| 003 | GE_BSU | ||
| 008 | 181216s||||||||xx |||||||||||||| ||und|| | ||
| 040 | _cGE_BSU | ||
| 080 | _a821.353.1–32 | ||
| 100 | _aმიშველაძე,რევაზ | ||
| 245 | _aურჩი | ||
| 245 | _b30 ნოველა | ||
| 245 | _cრედ.ზ.კუხიანიძე.მხატვ.ოთარ ქანდარია | ||
| 250 | _a1-ლი გამოც. | ||
| 260 | _aქუთაისი | ||
| 260 | _bსაბჭოთა საქართველო | ||
| 260 | _c1980 | ||
| 300 | _a326გვ.20სმ. | ||
| 653 | _aნოველები | ||
| 653 | _aურჩი | ||
| 942 | _cBK | ||
| 999 |
_c42706 _d42706 |
||